| 000 | 00423nam a22001697a 4500 | ||
|---|---|---|---|
| 003 | MPLRDC | ||
| 005 | 20220104144223.0 | ||
| 008 | 210129b ||||| |||| 00| 0 eng d | ||
| 020 | _a983-104-056-2 | ||
| 082 | _a411.3 CAP-2 | ||
| 100 | _a槟城消费人协会编 | ||
| 245 |
_a危险食品面面观 _c |
||
| 260 |
_a _b槟城消费人协会 _c |
||
| 300 | _b平 | ||
| 650 | _a营养与食品 | ||
| 942 |
_cBK _o411.3 CAP-2 |
||
| 999 |
_c47538 _d47528 |
||